书目信息 |
| 题名: |
新时代体育舞蹈创作与研究
|
|
| 作者: | 王虹 著 | |
| 分册: | ||
| 出版信息: | 长春 吉林文史出版社 2019 |
|
| 页数: | 216页 | |
| 开本: | 24cm | |
| 丛书名: | ||
| 单 册: | ||
| 中图分类: | J722.8 | |
| 科图分类: | ||
| 主题词: | 体育舞蹈--ti yu wu dao--舞蹈创作--中国 , 体育舞蹈--ti yu wu dao--教学研究--中国 | |
| 电子资源: | ||
| ISBN: | 978-7-5472-5403-5 | |
| 000 | 00971nam0 2200265 450 | |
| 001 | 012001004012 | |
| 005 | 20140101093527.0 | |
| 010 | @a978-7-5472-5403-5@dCNY56.00 | |
| 099 | @aCAL 012019100683 | |
| 100 | @a20190709d2019 em y0chiy50 ea | |
| 101 | 0 | @achi |
| 102 | @aCN@b220000 | |
| 105 | @ay a 000yy | |
| 106 | @ar | |
| 200 | 1 | @a新时代体育舞蹈创作与研究@Axin shi dai ti yu wu dao chuang zuo yu yan jiu@f王虹著 |
| 210 | @a长春@c吉林文史出版社@d2019 | |
| 215 | @a216页@d24cm | |
| 320 | @a有书目(第214-216页) | |
| 330 | @a本书内容分为七章,包括体育舞蹈的起源与发展历程、体育舞蹈理论基础、国内体育舞蹈生态现状、我国体育舞蹈发展策略及创新路径研究、大学体育舞蹈教学研究、其他级别院校体育舞蹈教学研究、体育舞蹈的创编研究。 | |
| 606 | 0 | @a体育舞蹈@Ati yu wu dao@x舞蹈创作@y中国 |
| 606 | 0 | @a体育舞蹈@Ati yu wu dao@x教学研究@x中国 |
| 690 | @aJ722.8@v5 | |
| 701 | 0 | @a王虹@Awang hong@4著 |
| 801 | @b江苏凤凰@c20191020 | |
| 905 | @b1237652-7@dJ722.8@e241@f6 | |
| 新时代体育舞蹈创作与研究/王虹著.-长春:吉林文史出版社,2019 |
| 216页;24cm |
| ISBN 978-7-5472-5403-5:CNY56.00 |
| 本书内容分为七章,包括体育舞蹈的起源与发展历程、体育舞蹈理论基础、国内体育舞蹈生态现状、我国体育舞蹈发展策略及创新路径研究、大学体育舞蹈教学研究、其他级别院校体育舞蹈教学研究、体育舞蹈的创编研究。 |
| ● |
| 相关链接 |
|
|
|
|
正题名:新时代体育舞蹈创作与研究
索取号:J722.8/241
 
预约/预借
| 序号 | 登录号 | 条形码 | 馆藏地/架位号 | 状态 | 备注 |
| 1 | 1237652 | 212376524 | 第一样本阅览室/ [索取号:J722.8/241] | 在馆 | |
| 2 | 1237653 | 212376533 | 教育系资料室/ [索取号:J722.8/241] | 在馆 | |
| 3 | 1237654 | 212376542 | 教育系资料室/ [索取号:J722.8/241] | 在馆 | |
| 4 | 1237655 | 212376551 | 第一借阅区/ [索取号:J722.8/241] | 在馆 | |
| 5 | 1237656 | 212376560 | 第一借阅区/ [索取号:J722.8/241] | 在馆 | |
| 6 | 1237657 | 212376579 | 第一借阅区/ [索取号:J722.8/241] | 在馆 |